| 000 | 00674nam a2200265Ia 4500 | ||
|---|---|---|---|
| 005 | 20251020182446.0 | ||
| 008 | 200515s9999 xx 000 0 und d | ||
| 020 | _a978-950-23-1450-1 | ||
| 082 | _a55.71/F73 | ||
| 100 | _aFolguera, Andrés | ||
| 100 | _aRamos, Víctor A. | ||
| 100 | _aSpagnuolo, Mauro | ||
| 245 | 0 | _aIntroducción a la geología : El planeta de los dragones de piedra | |
| 250 | _a1a ed. | ||
| 260 | _aBuenos Aires | ||
| 260 | _bEudeba | ||
| 260 | _c2007 | ||
| 300 | _a141 p. | ||
| 300 | _bil., tbl., graf., map. | ||
| 490 | _aCOLECCIÓN CIENCIA JÓVEN 4 | ||
| 500 | _a1 ejemplar | ||
| 650 | _aGEOLOGIA | ||
| 942 | _cLIB | ||
| 999 |
_c695 _d695 |
||